Statistics for Middle East: 30 Largest Cities

Click here to take the quiz!

General Stats

  • This quiz has been taken 58 times
  • The average score is 23 of 31

Answer Stats

Metro PopulationCityCountry% Correct
20,439,541CairoEgypt
98%
5,640,000DubaiUnited Arab Emirates
98%
15,519,267IstanbulTurkey
98%
10,500,000BaghdadIraq
96%
16,672,000TehranIran
96%
5,663,322AnkaraTurkey
93%
2,900,000DamascusSyria
93%
2,784,490Abu DhabiUnited Arab Emirates
91%
4.984,387AlexandriaEgypt
91%
2,200,000BeirutLebanon
91%
3,954,500Tel AvivIsrael
91%
1,800,000AleppoSyria
89%
2,382,000DohaQatar
89%
4,642,000AmmanJordan
87%
2,380,000Kuwait CityKuwait
84%
2,042,000MeccaSaudi Arabia
84%
6,506,700RiyadhSaudi Arabia
84%
2,167,000Sana'aYemen
84%
4,276,000JeddahSaudi Arabia
82%
1,560,000MuscatOman
80%
1,850,000GazaPalestinian Territories
78%
4,394,694IzmirTurkey
73%
3,750,000MosulIraq
62%
2,989,070IsfahanIran
60%
2,750,000BasraIraq
56%
3,600,650MashhadIran
49%
1,869,001ShirazIran
44%
2,500,123TabrizIran
44%
1,750,564ErbilIraq
40%
1,967,000KarajIran
20%
2,050,300IrbidJordan
13%

Score Distribution

Percentile by Number Answered

Percent of People with Each Score

Your Score History

You have not taken this quiz